000 00754nam a2200217Ia 4500
008 130821s2010 xxka gr eng
020 _a9781847209542
040 _aCo-BoUCM
_bspa
041 0 0 _aeng
245 0 0 _aHandbook on the economics of crime
_ceditado por Bruce L. Benson y Paul R. Zimmerman
260 _aCheltenham (Reino Unido)
_bEdward Elgar
_c2010
300 _a533 páginas
_bgráficos, tablas
650 0 4 _aCrimen organizado
_xAspectos económicos
_912141
650 0 4 _aCrimen y economía
650 0 4 _aDelitos económicos
_912595
650 0 4 _aEconomía
_9174
700 1 _aBenson, Bruce L.
_eeditor.
700 1 _aZimmerman, Paul R.
_eeditor.
942 _cLIBRO
_a7
_e1
_mH236
_2DEWEY
_h338.761
999 _c41296
_d41296